Funkcionální rovnice /

Guardado en:
Detalles Bibliográficos
Autor principal: Neuman, František (Autor)
Formato: Libro
Lenguaje:checo
Publicado: Praha : SNTL, 1986
Etiquetas: Agregar Etiqueta
Sin Etiquetas, Sea el primero en etiquetar este registro!

MARC

LEADER 00000nam a22000003a 4500
001 stu29768
005 20150617225737.0
008 951002s1986----xr------------------cze-d
040 |a STU  |b slo 
041 0 |a cze 
044 |a xr 
080 |a 617.965 
100 1 |a Neuman, František  |4 aut 
245 1 |a Funkcionální rovnice /  |c [aut]Neuman,F 
260 |a Praha :  |b SNTL,  |c 1986 
300 |a 104 s 
996 |b 284V025715  |c V*33488/O-13653  |l VVS  |s A  |a 24  |w stu29768_0001 
996 |c V*35467/O-14698  |l VV5  |s P  |a 0  |w stu29768_0002